100 phương cách phòng chống stress

Αποθηκεύτηκε σε:
Λεπτομέρειες βιβλιογραφικής εγγραφής
Κύριος συγγραφέας:  Lâm Trinh
Μορφή: Sách
Γλώσσα:Undetermined
Έκδοση:  Văn hoá - Thông tin  2009
Θέματα:
Ετικέτες: Προσθήκη ετικέτας
Δεν υπάρχουν, Καταχωρήστε ετικέτα πρώτοι!
Thư viện lưu trữ: Trung tâm Thư viện - Trường Đại học Công nghiệp TP. Hồ Chí Minh
LEADER 00480nam a2200157Ia 4500
001 UIH_07014
008 231011s9999 xx 000 0 und d
082 |a  616.98 
100 |a  Lâm Trinh 
245 0 |a  100 phương cách phòng chống stress 
245 0 |c  Lâm Trinh 
260 |b  Văn hoá - Thông tin 
260 |c  2009 
650 |a  Stress;  
927 |a Sách 
980 |a Trung tâm Thư viện - Trường Đại học Công nghiệp TP. Hồ Chí Minh